Madden NFL 21 Top 200 Players - Statistics

General Stats
  • This quiz has been taken 777 times
  • The average score is 132 of 200
Answer Stats
Club Position Overall Player % Correct
Los Angeles Rams RE 99 Aaron Donald
99%
Kansas City Chiefs QB 99 Patrick Mahomes
99%
Seattle Seahawks QB 99 Russell Wilson
98%
New Orleans Saints WR 99 Michael Thomas
97%
Carolina Panthers HB 99 Christian McCaffrey
96%
Philadelphia Eagles C 94 Jason Kelce
96%
Kansas City Chiefs TE 98 Travis Kelce
96%
Green Bay Packers HB 90 Aaron Jones
95%
Miami Dolphins CB 88 Byron Jones
95%
Arizona Cardinals LOLB 94 Chandler Jones
95%
Kansas City Chiefs DT 92 Chris Jones
95%
Green Bay Packers WR 96 Davante Adams
95%
Atlanta Falcons MLB 86 Deion Jones
95%
San Francisco 49ers TE 97 George Kittle
95%
Seattle Seahawks SS 92 Jamal Adams
95%
New England Patriots CB 84 Jonathan Jones
95%
Atlanta Falcons WR 95 Julio Jones
95%
Tampa Bay Buccaneers QB 95 Tom Brady
95%
Green Bay Packers QB 94 Aaron Rodgers
94%
Arizona Cardinals WR 98 DeAndre Hopkins
94%
Minnesota Vikings SS 95 Harrison Smith
94%
Pittsburgh Steelers WR 86 Juju Smith-Schuster
94%
Cleveland Browns RE 97 Myles Garrett
94%
Dallas Cowboys LT 91 Tyron Smith
94%
Green Bay Packers LOLB 87 Za'Darius Smith
94%
Seattle Seahawks MLB 98 Bobby Wagner
93%
Kansas City Chiefs WR 96 Tyreek Hill
93%
Atlanta Falcons C 88 Alex Mack
92%
Minnesota Vikings HB 95 Dalvin Cook
92%
Tennessee Titans HB 94 Derrick Henry
92%
Los Angeles Chargers TE 86 Hunter Henry
92%
New Orleans Saints TE 87 Jared Cook
92%
Chicago Bears LOLB 97 Khalil Mack
92%
Indianapolis Colts HB 85 Marlon Mack
92%
Los Angeles Rams CB 96 Jalen Ramsey
91%
Houston Texans LE 95 J.J. Watt
91%
Washington Football Team DT 85 Jonathan Allen
91%
Los Angeles Chargers WR 93 Keenan Allen
91%
Baltimore Ravens QB 91 Lamar Jackson
91%
Buffalo Bills WR 94 Stefon Diggs
91%
Pittsburgh Steelers LOLB 92 T.J. Watt
91%
Denver Broncos LOLB 97 Von Miller
91%
Tennessee Titans CB 84 Adoree' Jackson
90%
Denver Broncos ROLB 84 Bradley Chubb
90%
Chicago Bears FS 89 Eddie Jackson
90%
New England Patriots CB 85 JC Jackson
90%
Denver Broncos SS 88 Kareem Jackson
90%
Jacksonville Jaguars ROLB 86 Myles Jack
90%
Cleveland Browns HB 93 Nick Chubb
90%
New England Patriots CB 99 Stephon Gilmore
90%
Dallas Cowboys RG 97 Zack Martin
88%
New Orleans Saints HB 92 Alvin Kamara
87%
Dallas Cowboys WR 92 Amari Cooper
87%
Tampa Bay Buccaneers WR 91 Mike Evans
87%
New Orleans Saints LE 95 Cameron Jordan
85%
Tampa Bay Buccaneers WR 88 Antonio Brown
84%
Los Angeles Chargers LE 91 Joey Bosa
84%
San Francisco 49ers RE 90 Nick Bosa
84%
New York Giants HB 90 Saquon Barkley
84%
Las Vegas Raiders RT 87 Trent Brown
84%
Baltimore Ravens DT 86 Brandon Williams
83%
New Orleans Saints QB 89 Drew Brees
83%
Philadelphia Eagles DT 96 Fletcher Cox
83%
Indianapolis Colts LG 95 Quenton Nelson
83%
San Francisco 49ers LT 94 Trent Williams
83%
Dallas Cowboys HB 89 Ezekiel Elliott
82%
Tampa Bay Buccaneers WR 88 Chris Godwin
81%
Green Bay Packers CB 92 Jaire Alexander
81%
Minnesota Vikings WR 90 Adam Thielen
80%
Las Vegas Raiders HB 91 Josh Jacobs
80%
Baltimore Ravens K 88 Justin Tucker
80%
Cleveland Browns WR 90 Odell Beckham Jr.
80%
Los Angeles Rams WR 87 Cooper Kupp
79%
Seattle Seahawks WR 85 D.K. Metcalf
79%
Cleveland Browns HB 87 Kareem Hunt
79%
Buffalo Bills CB 91 Tre'Davious White
79%
San Francisco 49ers MLB 92 Fred Warner
78%
Cincinnati Bengals HB 88 Joe Mixon
78%
Philadelphia Eagles RT 89 Lane Johnson
78%
Seattle Seahawks WR 89 Tyler Lockett
78%
Pittsburgh Steelers RE 92 Cameron Heyward
77%
Los Angeles Chargers CB 88 Casey Hayward Jr.
77%
Dallas Cowboys QB 87 Dak Prescott
77%
Las Vegas Raiders TE 90 Darren Waller
77%
Los Angeles Rams SS 84 John Johnson III
77%
Arizona Cardinals SS 90 Budda Baker
76%
Tampa Bay Buccaneers MLB 93 Lavonte David
76%
Baltimore Ravens TE 88 Mark Andrews
76%
Kansas City Chiefs SS 93 Tyrann Mathieu
76%
New England Patriots C 84 David Andrews
75%
Los Angeles Chargers SS 89 Derwin James Jr.
75%
Baltimore Ravens CB 91 Marlon Humphrey
75%
Cleveland Browns CB 88 Denzel Ward
73%
Philadelphia Eagles CB 89 Darius Slay Jr.
72%
Indianapolis Colts DT 91 DeForest Buckner
72%
Carolina Panthers WR 84 D.J. Moore
72%
Atlanta Falcons QB 85 Matt Ryan
71%
Tennessee Titans QB 87 Ryan Tannehill
71%
Tampa Bay Buccaneers CB 85 Carlton Davis III
70%
New Orleans Saints ROLB 89 Demario Davis
70%
Houston Texans QB 84 Deshaun Watson
70%
Denver Broncos FS 89 Justin Simmons
70%
San Francisco 49ers CB 90 Richard Sherman
70%
Tampa Bay Buccaneers TE 86 Rob Gronkowski
70%
Chicago Bears WR 89 Allen Robinson II
69%
Green Bay Packers LT 96 David Bakhtiari
68%
Atlanta Falcons WR 88 Calvin Ridley
67%
Cleveland Browns WR 84 Jarvis Landry
67%
Minnesota Vikings LE 89 Danielle Hunter
66%
New Orleans Saints LT 95 Terron Armstead
66%
San Francisco 49ers LE 86 Arik Armstead
65%
Los Angeles Chargers CB 88 Chris Harris Jr.
65%
New England Patriots FS 92 Devin McCourty
65%
Pittsburgh Steelers FS 86 Minkah Fitzpatrick
65%
Washington Football Team WR 86 Terry McLaurin
65%
Los Angeles Chargers HB 86 Austin Ekeler
64%
Houston Texans WR 86 Brandin Cooks
64%
Baltimore Ravens RE 93 Calais Campbell
64%
Tennessee Titans FS 91 Kevin Byard
64%
Indianapolis Colts LOLB 88 Darius Leonard
62%
Buffalo Bills FS 88 Micah Hyde
62%
Seattle Seahwaks HB 87 Chris Carson
61%
Cincinnati Bengals FS 87 Jessie Bates III
61%
Houston Texans LT 89 Laremy Tunsil
61%
Minnesota Vikings MLB 90 Eric Kendricks
59%
Kansas City Chiefs K 84 Harrison Butker
59%
Dallas Cowboys LE 86 DeMarcus Lawrence
58%
Buffalo Bills SS 85 Jordan Poyer
58%
New Orleans Saints CB 85 Marshon Lattimore
58%
Tampa Bay Buccaneers DT 88 Vita Vea
58%
Atlanta Falcons DT 89 Grady Jarrett
56%
Washington Football Team CB 89 Kendall Fuller
56%
Chicago Bears CB 89 Kyle Fuller
56%
Baltimore Ravens CB 87 Marcus Peters
56%
Los Angeles Rams WR 86 Robert Woods
56%
Baltimore Ravens LT 93 Ronnie Stanley
56%
Cincinnati Bengals WR 85 Tyler Boyd
56%
Green Bay Packers DT 89 Kenny Clark
53%
Miami Dolphins TE 85 Mike Gesicki
53%
Los Angeles Rams LT 88 Andrew Whitworth
52%
Los Angeles Rams P 87 Johnny Hekker
52%
Detroit Lions WR 87 Kenny Golladay
52%
San Francisco 49ers HB 86 Raheem Mostert
51%
Carolina Panthers WR 87 Robby Anderson
51%
Tampa Bay Buccaneers LOLB 86 Shaquil Barrett
51%
Pittsburgh Steelers HB 84 James Conner
50%
Las Vegas Raiders C 93 Rodney Hudson
50%
Atlanta Falcons HB 85 Todd Gurley II
49%
Green Bay Packers SS 87 Adrian Amos
48%
Philadelphia Eagles LE 87 Brandon Graham
48%
Miami Dolphins WR 84 Devante Parker
48%
San Francisco 49ers FB 87 Kyle Juszczyk
48%
Philadelphia Eagles RG 93 Brandon Brooks
47%
New York Jets MLB 85 C.J. Mosley
47%
Cleveland Browns TE 87 Austin Hooper
46%
Carolina Panthers LE 85 Brian Burns
46%
Buffalo Bills WR 85 Cole Beasley
46%
New England Patriots MLB 88 Dont'a Hightower
45%
Cincinnati Bengals DT 85 Geno Atkins
45%
New York Giants CB 86 James Bradberry IV
44%
Minnesota Vikings TE 84 Kyle Rudolph
44%
Pittsburgh Steelers C 87 Maurkice Pouncey
44%
Cleveland Browns LG 86 Joel Bitonio
43%
Los Angeles Chargers RE 89 Melvin Ingram III
43%
Kansas City Chiefs RT 94 Mitchell Schwartz
42%
Pittsburgh Steelers RG 91 David DeCastro
41%
Detroit Lions C 84 Frank Ragnow
41%
New Orleans Saints RT 89 Ryan Ramczyk
41%
Chicago Bears LE 88 Akiem Hicks
39%
Seattle Seahawks CB 86 Shaquill Griffin
39%
Dallas Cowboys RT 87 La'el Collins
38%
New England Patriots LG 84 Joe Thuney
37%
Las Vegas Raiders LG 90 Richie Incognito
36%
Tampa Bay Buccaneers LG 89 Ali Marpet
35%
Washington Football Team RG 87 Brandon Scherff
35%
Tampa Bay Buccaneers C 85 Ryan Jensen
35%
New Orleans Saints WR 85 Emmanuel Sanders
34%
New York Jets SS 85 Marcus Maye
34%
Tampa Bay Buccaneers RE 85 Ndamukong Suh
34%
Tennessee Titans LOLB 88 Jadeveon Clowney
33%
Tennessee Titans LT 86 Taylor Lewan
33%
Minnesota Vikings DT 91 Michael Pierce
32%
New England Patriots RG 86 Shaq Mason
28%
Los Angeles Chargers RT 88 Bryan Bulaga
26%
Jacksonville Jaguars K 84 Josh Lambo
26%
Indianapolis Colts C 85 Ryan Kelly
26%
Los Angeles Chargers DT 84 Linval Joseph
25%
Pittsburgh Steelers LE 88 Stephon Tuitt
24%
Seattle Seahawks ROLB 84 K.J. Wright
22%
Tennessee Titans CB 84 Desmond King II
20%
San Francisco 49ers RT 85 Mike McGlinchey
20%
San Francisco 49ers LE 84 Dee Ford
18%
Indianapolis Colts RE 84 Justin Houston
18%
Jacksonville Jaguars C 86 Brandon Linder
17%
Tennessee Titans P 84 Brett Kern
16%
Denver Broncos CB 85 A.J. Bouye
15%
Houston Texans CB 84 Bradley Roby
15%
Chicago Bears DT 84 Eddie Goldman
15%
Indianapolis Colts LT 84 Anthony Castonzo
12%
Washington Football Team DT 86 Matthew Ioannidis
12%
No matching quizzes found
Score Distribution
Percent of People with Each Score
Percentile by Number Answered
Your Score History
You have not taken this quiz